01741nam a2200217 i 450000100060000000300090000600500170001500700030003200800410003524502600007626000910033630000200042750507610044753000350120865000250124370000450126870000330131370000340134685200200138085601230140043795ES-MaACL20251113180109.0t|030318s1841 sp ||||1| spa d00aCausas formadas a consecuencia de la sedición militar que tuvo lugar en esta corte en la noche del 7 de octubre de 1841 / cpublicadas por Don Nemesio Fernández Cuesta, Don Francisco de P. Madrazo y Don Juan Pérez Calvo, taquígrafos... del Senado. aMadrid : b[s.n.], c1841 (fImp. de la Compañía General de Impresores y Libreros) a1 v. ; c19 cm.8 aContiene: Causa de los generales D. Diego León y D. Manuel de la Concha. Defensa del teniente general D. Diego de León, por D. Federico de Roncali. Causa del brigadier de infantería Fernando Norzagoray. Causa del brigadier Gregorio Quiroga y del conde de Requena. Sumarias en averiguación de la conducta que observaron varios sugetos [sic] en la citada noche. Causa de varios gefes [sic] y oficiales del Regimiento de Infantería de la Princesa. Causa del teniente coronel D. Dámaso Fulgosio y del coronel D. José Fulgosio. Causa del comandante José María Marquesí. Causa del brigadier Pezuela, de Garzón Sánchez Torres, del coronel Córdoba y del duque de San Carlos. Apuntes sobre los últimos momentos de D. Manuel Montes de Oca aDisponible en formato digital. aProcesos-zEspaña.1 aFernández Cuesta, Nemesio, d1818-18931 aMadrazo, Francisco de Paula.1 aPérez Calvo, Juan, dm.1870 aES-MaACLjD-892 uhttp://bibliotecavirtual.asturias.es/i18n/consulta/registro.cmd?id=3940zBiblioteca Virtual del Principado de Asturias